Online
Catalog

Contratación de mano de obra haitiana destinada a la industria azucarera dominicana (1952-1986) / (Record no. 4858)

MARC details
000 -CABECERA
campo de control de longitud fija 01236nam a2200313 i 4500
001 - NÚMERO DE CONTROL
campo de control 000005054
003 - IDENTIFICADOR DEL NÚMERO DE CONTROL
campo de control DO-SdBNP
005 - FECHA Y HORA DE LA ÚLTIMA TRANSACCIÓN
campo de control 20260306091350.0
007 - CAMPO FIJO DE DESCRIPCIÓN FÍSICA--INFORMACIÓN GENERAL
campo de control de longitud fija ta
008 - DATOS DE LONGITUD FIJA--INFORMACIÓN GENERAL
campo de control de longitud fija 090729s1997 dr 000 0 spa d
020 ## - NÚMERO INTERNACIONAL ESTÁNDAR DEL LIBRO
Número Internacional Estándar del Libro 8484002411
040 ## - FUENTE DE LA CATALOGACIÓN
Centro catalogador/agencia de origen DO-SdBNP
Lengua de catalogación spa
Centro/agencia transcriptor BNPHU
Normas de descripción rda
041 ## - CÓDIGO DE LENGUA
Código de lengua del texto/banda sonora o título independiente spa
082 #4 - NÚMERO DE LA CLASIFICACIÓN DECIMAL DEWEY
Número de clasificación xxxx
Número de documento/Ítem C965c
Número de edición 22
100 1# - ENTRADA PRINCIPAL--NOMBRE DE PERSONA
Nombre de persona Cuello H., José Israel,
Término indicativo de función/relación autor
Código de función/relación aut.
9 (RLIN) 6298
245 10 - MENCIÓN DE TÍTULO
Título Contratación de mano de obra haitiana destinada a la industria azucarera dominicana (1952-1986) /
Mención de responsabilidad, etc. José Israel Cuello H.
250 ## - MENCIÓN DE EDICIÓN
Mención de edición Primera edición
264 #4 - PRODUCCIÓN, PUBLICACIÓN, DISTRIBUCIÓN, FABRICACIÓN Y COPYRIGHT
Producción, publicación, distribución, fabricación y copyright Santo Domingo , República Dominicana :
Nombre del de productor, editor, distribuidor, fabricante Editora Talle,
Fecha de producción, publicación, distribución, fabricación o copyright ©1997.
300 ## - DESCRIPCIÓN FÍSICA
Extensión 457 páginas ;
Dimensiones 23 cm.
336 ## - TIPO DE CONTENIDO
Término de tipo de contenido texto
Código de tipo de contenido txt
Fuente rdacontent
337 ## - TIPO DE MEDIO
Nombre/término del tipo de medio sin mediación
Código del tipo de medio n
Fuente rdamedia
338 ## - TIPO DE SOPORTE
Nombre/término del tipo de soporte volumen
Código del tipo de soporte nc
Fuente rdacarrier
490 0# - MENCIÓN DE SERIE
Mención de serie Bibliioteca Taller
Designación de volumen o secuencia 310
500 ## - NOTA GENERAL
Nota general Incluye datos biograficos del autor en las solapas
500 ## - NOTA GENERAL
Nota general Detalles y comparaciones de los documentos que regularon el reclutamiento de trabajadores haitianos para las zafras azucareras en la República Dominicana desde 1952 hasta 1986
500 ## - NOTA GENERAL
Nota general Incluye referencias bibliográficas y notas al pie de las páginas
590 ## - NOTA LOCAL (RLIN)
Nota local Inventariado, 2026/BT
942 ## - ELEMENTOS DE PUNTO DE ACCESO ADICIONAL (KOHA)
Fuente del sistema de clasificación o colocación Dewey Decimal Classification
Tipo de ítem Koha Libro
Holdings
Estado de retiro Estado de pérdida Fuente del sistema de clasificación o colocación Restricciones de uso No para préstamo Código de colección Localización permanente Ubicación/localización actual Ubicación en estantería Fecha de adquisición Fuente de adquisición Total de préstamos Signatura topográfica completa Código de barras Fecha visto por última vez Número de copia Precio válido a partir de Tipo de ítem Koha Nota pública
    Dewey Decimal Classification Préstamo en sala   Dominicana de Servicio Biblioteca Nacional Pedro Henríquez Ureña Biblioteca Nacional Pedro Henríquez Ureña En catalogación 18.08.2011 Donación   BNPHU DS C965c 5054-30 25.06.2020 e.3 25.06.2020 Libro Perteneció a la biblioteca personal de Bárbara Suncar.
    Dewey Decimal Classification Excluido de préstamo   Patrimonio Dominicano Biblioteca Nacional Pedro Henríquez Ureña Biblioteca Nacional Pedro Henríquez Ureña En catalogación 29.07.2009 Donado por Graciela Geraldo   BNPHU PD C965c 5054-10 25.06.2020   25.06.2020 Libro  
    Dewey Decimal Classification Excluido de préstamo   Patrimonio Dominicano Biblioteca Nacional Pedro Henríquez Ureña Biblioteca Nacional Pedro Henríquez Ureña En catalogación 29.07.2009 Donación   BNPHU PD C965c 5054-20 25.06.2020 e.2 25.06.2020 Libro Perteneció a la biblioteca personal de Germán Emilio Ornes.
    Dewey Decimal Classification Préstamo en sala   Dominicana de Servicio Biblioteca Nacional Pedro Henríquez Ureña Biblioteca Nacional Pedro Henríquez Ureña En catalogación 20.01.2026 Donado por Wilfredo Alemani   BNPHU DS C965c 2026-0162 20.01.2026 e.4 20.01.2026 Libro  

Powered by Koha